<?xml version="1.0" encoding="UTF-8"?>
<collection xmlns="http://www.loc.gov/MARC21/slim">
 <record>
  <leader>01593nam a2200217Ia 4500</leader>
  <controlfield tag="001">CTU_137151</controlfield>
  <controlfield tag="008">210402s9999    xx            000 0 und d</controlfield>
  <datafield tag="020" ind1=" " ind2=" ">
   <subfield code="c">24.95</subfield>
  </datafield>
  <datafield tag="082" ind1=" " ind2=" ">
   <subfield code="a">929.1089924</subfield>
  </datafield>
  <datafield tag="082" ind1=" " ind2=" ">
   <subfield code="b">K95</subfield>
  </datafield>
  <datafield tag="100" ind1=" " ind2=" ">
   <subfield code="a">Kurzweil, Arthur</subfield>
  </datafield>
  <datafield tag="245" ind1=" " ind2="0">
   <subfield code="a">From Generation to Generation:</subfield>
  </datafield>
  <datafield tag="245" ind1=" " ind2="0">
   <subfield code="b">How to Trace Your Jewish Genealogy and Family History</subfield>
  </datafield>
  <datafield tag="245" ind1=" " ind2="0">
   <subfield code="c">Arthur Kurzweil ; foreword by Elie Wiesel</subfield>
  </datafield>
  <datafield tag="260" ind1=" " ind2=" ">
   <subfield code="a">San Francisco, Calif.</subfield>
  </datafield>
  <datafield tag="260" ind1=" " ind2=" ">
   <subfield code="b">Jossey-Bass, a Wiley Imprint</subfield>
  </datafield>
  <datafield tag="260" ind1=" " ind2=" ">
   <subfield code="c">c2004</subfield>
  </datafield>
  <datafield tag="520" ind1=" " ind2=" ">
   <subfield code="a">Given the extent of the Jewish Diaspora and the devastation of the Holocaust, it has always been a difficult proposition to trace one's Jewish genealogy. First published in 1980, From Generation to Generation provided invaluable information and research tips for Jews interested in plumbing the depths of their family history. In this latest edition, Kurzweil incorporates the most recent technological advances and innovations into his information-gathering guide. Using the Internet as^B a resource, it is now easier and less time-consuming to gather documents, cross-check references, and peruse government records. Although much of the information provided can be applied to any ethnic group, the author painstakingly outlines how Jewish genealogy substantially differs from all other genealogy. Brimming with worthwhile advice and handy shortcuts, this handbook will have immense appeal for a limited audience</subfield>
  </datafield>
  <datafield tag="650" ind1=" " ind2=" ">
   <subfield code="a">Kurzweil family,Jews,Jews,Người Do thái</subfield>
  </datafield>
  <datafield tag="904" ind1=" " ind2=" ">
   <subfield code="i">Hạ Nguyên</subfield>
  </datafield>
  <datafield tag="980" ind1=" " ind2=" ">
   <subfield code="a">Trung tâm Học liệu Trường Đại học Cần Thơ</subfield>
  </datafield>
 </record>
</collection>
